1950s Movie Definitions Quiz Stats

 Plays Quiz Updated Feb 20, 2018

Challenge
Share
Tweet
Embed
Score 0/15 Timer 03:00
2 Plays Today
% Correct
Picnic
96.3%
Carousel
96.3%
Sapphire
96.2%
Warlock
96.2%
Sayonara
95.9%
Attack
95.8%
Vertigo
95.5%
Pushover
95.4%
% Correct
Dreamboat
95.1%
Limelight
94.7%
Giant
94.3%
Them!
94.1%
Indiscreet
92.7%
Jeopardy
92.1%
Compulsion
92%

You're not logged in!

Compare scores with friends on all Sporcle quizzes.
Join for Free
OR
Log In

You Might Also Like...

Show Comments

Extras

Top Quizzes Today


Score Distribution

Your Account Isn't Verified!

In order to create a playlist on Sporcle, you need to verify the email address you used during registration. Go to your Sporcle Settings to finish the process.

Report this User

Report this user for behavior that violates our Community Guidelines.

Details: